Style v strategy (Record no. 69127)
[ view plain ]
| 000 -LEADER | |
|---|---|
| fixed length control field | 00975cam a2200229 4500 |
| 001 - CONTROL NUMBER | |
| control field | ABS64966 |
| 008 - FIXED-LENGTH DATA ELEMENTS--GENERAL INFORMATION | |
| fixed length control field | 011217n2001 000 0 eng u |
| 035 ## - SYSTEM CONTROL NUMBER | |
| System control number | (Sirsi) u116019 |
| 100 ## - MAIN ENTRY--PERSONAL NAME | |
| Personal name | Osborne, H |
| 245 ## - TITLE STATEMENT | |
| Title | Style v strategy |
| 260 ## - PUBLICATION, DISTRIBUTION, ETC. | |
| Date of publication, distribution, etc. | 2001 |
| 490 ## - SERIES STATEMENT | |
| Series statement | Estates Gazette |
| Volume/sequential designation | (0148) 1 December 2001, 112-113(1) |
| 520 ## - SUMMARY, ETC. | |
| Summary, etc. | Summarises the findings of a survey which gathered responses from 81 professional services firms including 15 chartered surveyors. The survey showed chartered surveyors rated themselves well with regard to interpersonal and networking skills but poorly when it comes to selecting new clients and the managing of the crucial key processes after this. With key stregths and weakness points clearly listed. |
| 590 ## - LOCAL NOTE (RLIN) | |
| Local note | ABS |
| 650 ## - SUBJECT ADDED ENTRY--TOPICAL TERM | |
| Topical term or geographic name entry element | ABOUT RICS-RICS MEMBERS |
| 650 ## - SUBJECT ADDED ENTRY--TOPICAL TERM | |
| Topical term or geographic name entry element | INTERPERSONAL SKILLS |
| 650 ## - SUBJECT ADDED ENTRY--TOPICAL TERM | |
| Topical term or geographic name entry element | NETWORKING |
| 650 ## - SUBJECT ADDED ENTRY--TOPICAL TERM | |
| Topical term or geographic name entry element | PACE PARTNERSHIP |
| 650 ## - SUBJECT ADDED ENTRY--TOPICAL TERM | |
| Topical term or geographic name entry element | MANAGEMENT SKILLS |
| 690 ## - LOCAL SUBJECT ADDED ENTRY--TOPICAL TERM (OCLC, RLIN) | |
| Topical term or geographic name as entry element | SURVEYING SERVICES |
| 942 ## - ADDED ENTRY ELEMENTS (KOHA) | |
| Suppress in OPAC | 0 |
| Withdrawn status | Lost status | Source of classification or shelving scheme | Damaged status | Not for loan | Home library | Current library | Shelving location | Date acquired | Total Checkouts | Full call number | Barcode | Date last seen | Copy number | Price effective from | Koha item type |
|---|---|---|---|---|---|---|---|---|---|---|---|---|---|---|---|
| Dewey Decimal Classification | London | London | Journal article | 17/12/2001 | ABS64966 | 116019-1001 | 06/08/2019 | 1 | 06/08/2019 | Journal article |